[Event "Kiel Cup U18"]
[Site "Kiel"]
[Date "2008.10.17"]
[Round "4.13"]
[White "Haye, Robert"]
[Black "Kussin, Niklas"]
[Result "1-0"]
[WhiteElo "988"]
[BlackElo "1190"]
[PlyCount "101"]
[EventDate "2008.10.16"]
[EventType "team-swiss"]
[EventRounds "7"]
[EventCountry "GER"]
[SourceTitle "EXT 2011"]
[Source "ChessBase"]
[SourceDate "2010.11.26"]
[SourceVersion "1"]
[SourceVersionDate "2010.11.26"]
[SourceQuality "1"]

1. e4 e5 2. Nf3 Nf6 3. Nxe5 d6 4. Nf3 Nxe4 5. Bc4 Nf6 6. Nc3 Be7 7. d4 d5 8. Bb3 0-0 9. 0-0 Bg4 10. Bg5 c6 11. h3 Bh5 12. Qd3 Nbd7 13. Ne2 Bd6 14. Bf4 Qc7 15. Bxd6 Qxd6 16. Ng3 Bg6 17. Qd2 Rfe8 18. Rfe1 Rxe1+ 19. Rxe1 Re8 20. Rxe8+ Nxe8 21. c4 Nef6 22. c5 Qe6 23. Bc2 Ne4 24. Bxe4 Bxe4 25. Ng5 Qe7 26. Qe3 h6 27. N5xe4 Nf6 28. Nxf6+ Qxf6 29. Ne2 Qd8 30. b4 b6 31. f4 Qh4 32. Nc3 Qf6 33. g4 Qh4 34. Kg2 Qd8 35. a4 bxc5 36. bxc5 Qb8 37. Kg3 Qb3 38. Kh4 f6 39. Kh5 Qb8 40. Kg6 Qf8 41. Qe6+ Kh8 42. Qf7 Qxf7+ 43. Kxf7 Kh7 44. f5 a5 45. Ke6 Kg8 46. Kd6 Kf7 47. Kxc6 Ke8 48. Kxd5 Kd7 49. Ne2 Kd8 50. Kd6 Ke8 51. d5 1-0

[Event "Schleswig Holstein-ch U14 VM"]
[Site "Neumuenster"]
[Date "2008.03.27"]
[Round "5"]
[White "Mandelkow, Robert"]
[Black "Kussin, Niklas"]
[Result "1/2-1/2"]
[WhiteElo "744"]
[BlackElo "1151"]
[PlyCount "47"]
[EventDate "2008.03.24"]
[EventType "swiss"]
[EventRounds "9"]
[EventCountry "GER"]
[SourceTitle "EXT 2009"]
[Source "ChessBase"]
[SourceDate "2008.11.26"]
[SourceVersion "1"]
[SourceVersionDate "2008.11.26"]
[SourceQuality "1"]

1. e4 c5 2. Nf3 d6 3. Nc3 e6 4. Bc4 a6 5. a4 Nc6 6. d3 h6 7. Be3 Nf6 8. Qe2 Be7 9. 0-0-0 0-0 10. Bb3 Ng4 11. h3 Nxe3 12. fxe3 Bd7 13. g4 Nb4 14. Nb1 b5 15. Nc3 Qa5 16. axb5 axb5 17. e5 d5 18. Kd2 Nc6 19. Ra1 Qb6 20. Rxa8 Rxa8 21. h4 g6 22. h5 g5 23. Rh3 d4 24. Ne4 1/2-1/2

[Event "Kieler Cup U14"]
[Site "Kiel"]
[Date "2007.10.19"]
[Round "4"]
[White "Kussin, Niklas"]
[Black "Dittrich, Gunnar"]
[Result "0-1"]
[WhiteElo "1174"]
[BlackElo "1963"]
[PlyCount "92"]
[EventDate "2007.10.18"]
[EventType "swiss"]
[EventRounds "7"]
[EventCountry "GER"]
[SourceTitle "EXT 2010"]
[Source "ChessBase"]
[SourceDate "2010.11.25"]
[SourceVersion "1"]
[SourceVersionDate "2010.11.25"]
[SourceQuality "1"]

1. e4 d5 2. exd5 Qxd5 3. Nc3 Qa5 4. d4 Nf6 5. Bc4 c6 6. h3 Bf5 7. Bd2 Qb6 8. Na4 Qxd4 9. Bb3 Ne4 10. Be3 Qxd1+ 11. Rxd1 Nd7 12. Nf3 e6 13. 0-0 Ndc5 14. Nd4 Bg6 15. Rfe1 Nxb3 16. Nxb3 Be7 17. Nd2 Nd6 18. c4 Nf5 19. Nf3 Nxe3 20. Rxe3 Bc2 21. Rd2 Bxa4 22. b3 Bf6 23. bxa4 Ke7 24. Rb3 Rab8 25. Rd1 Rhd8 26. Rdb1 Rd7 27. Ne1 c5 28. Nd3 Bd4 29. a5 Kd6 30. Nf4 Kc6 31. a4 g5 32. Ne2 f5 33. a6 Be5 34. g3 Rd2 35. Nc1 Rc2 36. Nd3 Bc7 37. Rc1 Rxc1+ 38. Nxc1 bxa6 39. Re3 e5 40. Rb3 Rb4 41. Rxb4 cxb4 42. Kf1 Kc5 43. Ke2 Kxc4 44. Nd3 e4 45. Nc1 b3 46. Kd2 Ba5+ 0-1